Tục ngữ Nga - Việt 1040 câu tục ngữ Nga với các đơn vị tiếng Việt tương đương

Quyểnn sách là công trình nghiên cứu có tính lý luận và thực tiễn về tục ngữ Nga-Việt với từ điểm đối chiếu Nga-Việt gồm 1040 câu. Phân biệt ranh giới thành ngữ, tục ngữ trong tiếng Nga và tiếng Việt...

תיאור מלא

שמור ב:
מידע ביבליוגרפי
מחבר ראשי: Lê, Đình Bích
פורמט: ספר
שפה:Undetermined
יצא לאור: Hà Nội Khoa học - Xã hội 1986
נושאים:
תגים: הוספת תג
אין תגיות, היה/י הראשונ/ה לתייג את הרשומה!
Thư viện lưu trữ: Trung tâm Học liệu Trường Đại học Cần Thơ
LEADER 01082nam a2200217Ia 4500
001 CTU_26025
008 210402s9999 xx 000 0 und d
082 |a 398.9917 
082 |b B302 
100 |a Lê, Đình Bích 
245 0 |a Tục ngữ Nga - Việt 
245 0 |b 1040 câu tục ngữ Nga với các đơn vị tiếng Việt tương đương 
245 0 |c Lê Đình Bích 
260 |a Hà Nội 
260 |b Khoa học - Xã hội 
260 |c 1986 
520 |a Quyểnn sách là công trình nghiên cứu có tính lý luận và thực tiễn về tục ngữ Nga-Việt với từ điểm đối chiếu Nga-Việt gồm 1040 câu. Phân biệt ranh giới thành ngữ, tục ngữ trong tiếng Nga và tiếng Việt 
650 |a Folk literature, russian,Folk literature, vietnamese,Proverbs,Russian language,Vietnamese language 
650 |x Terms and phrases,Terms and phrases 
904 |i Minh, H.Mai 
980 |a Trung tâm Học liệu Trường Đại học Cần Thơ